Torschützenliste der Fußball-Bundesliga 2023-2024 - Statistiken

Allgemein
  • Dieses Quiz wurde 145 mal gespielt
  • Das Durchschnittsergebnis liegt bei 9 aus 10
Antwortstatistiken
Tore Nationalität Verein Spieler % Korrekt
36 England FC Bayern München Harry Kane
100%
18 Deutschland VfB Stuttgart Deniz Undav
96%
28 Guinea VfB Stuttgart Serhou Guirassy
96%
13 Niederlande Borussia Dortmund Donyell Malen
93%
24 Belgien RB Leipzig Loïs Openda
92%
14 Nigeria Bayer 04 Leverkusen Victor Boniface
92%
15 Kroatien TSG 1899 Hoffenheim Andrej Kramarić
91%
14 Slowenien RB Leipzig Benjamin Šeško
90%
16 Deutschland TSG 1899 Hoffenheim Maximilian Beier
83%
15 Deutschland FC Augsburg Ermedin Demirović
78%
Keine übereinstimmenden Quizze gefunden
Verteilung der Resultate
Anzahl Personen mit jedem Resultat
Perzentil nach korrekt beantworteten Fragen
Ihre Resultats-Entwicklung
Sie haben dieses Quiz noch nicht gespielt